• 首页
  • 本馆介绍
  • 公告通知
  • 最新文献
  • 馆藏检索
  • 电子资源
  • 读者导购
  • 参考咨询
  • 我的图书馆
  • 登录
  • 详细信息显示
  • 放入我的书架
  • 预约/预借图书
  • 作者相关作品
  • 分类相关作品
  • 丛书相关作品
  • 出版社相关作品

书目信息

  • 表格格式
  • 工作单格式
  • 卡片格式
书名: Thermal physics
作者: CHARLES KITTEL,HERBERT KROEMER
分册号:
分册名:
出版地: San Francisco :
 
出版社: W.H. Freeman and Co
出版时间: 1980.
页数: 473 p.
开本:
丛书名:
中图分类号:
科图分类号:
其他分类号: O4:H31
主题词:
电子资源:
000 00657nam 2200217 a 4500
001 E0754982162
005 20070227152032.95
008 uu
020    @cCNY3.40.
040    @aNLC
049    @aN5LA
090    @a2/O414/KC/ 1980//////384880/*960864/-65/ cop.2-3
090    @aO4:H31
096    @aO414 @v2
099    @dO4:H31@ex147
100 1  @aKittel, Charles.
245 10 @aThermal physics / @cCHARLES KITTEL,HERBERT KROEMER
260    @aSan Francisco :@bW.H. Freeman and Co.,@c1980.
300    @a473 p.
700 1  @aKroemer, Herbert, @ejt. auth. @b00 @c20020930 @lNLC09 @h2245 @lNLC09 @h2244 @lNLC09 @h1835
852 9  @bWWJC @cJ08S @k2 @hO414 @iKC/1980
    
    Thermal physics / / CHARLES KITTEL,HERBERT KROEMER.-San Francisco : : W.H. Freeman and Co., , 1980.
    473 p.
    
    
    ISBN CNY3.40.
    
●
相关链接 在E读中查询图书 在五车中查询图书 在当当中查询图书 在豆瓣中查询图书


正题名:Thermal physics     索取号:O4:H31/x147         预约/预借

序号 登录号 条形码 馆藏地/架位号 状态 备注
1 60476   000451834   第四借阅区/ [索取号:O4:H31/x147] 在馆    
2 60477   000451790   第二样本阅览室/ [索取号:O4:H31/x147] 在馆    
唐山师范学院图书馆 欢迎您!
大连网信软件有限公司© 版权所有